000
00240nam a2200097 a 4500
005
20200930065731.0
008
110719s2004 000 spa d
245
0
_a
Opúsculo : Jerusalén, Ciudad Santa.
260
_c
[s.f.].
999
_c
32100
_d
32100
040
_a
DO-SdBNP